LEADER 00974nam0 22002771i 450 001 VAN0043120 005 20221129115141.824 100 $a20060330d1964 |0itac50 ba 101 $aita 102 $aIT 105 $a|||| ||||| 200 1 $aˆIl ‰negozio fiduciario$fNicolò Lipari 210 $aMilano$cA. Giuffrè$d1964 215 $a465 p.$d25 cm 606 $aFiducia$3VANC016955$2FI 620 $dMilano$3VANL000284 676 $a347$v21 700 1$aLipari$bNicolò$3VANV000195$0382529 712 $aGiuffrè$3VANV109181$4650 790 1$aLipari, Nicolo$zLipari, Nicolò$3VANV011853 801 $aIT$bSOL$c20221202$gRICA 899 $aBIBLIOTECA DEL DIPARTIMENTO DI GIURISPRUDENZA$1IT-CE0105$2VAN00 912 $aVAN0043120 950 $aBIBLIOTECA DEL DIPARTIMENTO DI GIURISPRUDENZA$d00CONS XV.Eb.113 $e00FP 28705 20061023 Fondo Raffaele Papa 996 $aNegozio fiduciario$9677260 997 $aUNISOB LEADER 01248nam 2200313z- 450 001 9910689413803321 005 20030404113843.0 035 $a(CKB)5860000000034046 035 $a(BIP)008563647 035 $a(EXLCZ)995860000000034046 100 $a20220406c2001uuuu -u- - 101 0 $aeng 200 10$aSmall business regulatory issues $eroundtable before the Subcommittee on Regulatory Reform and Paperwork Reduction of the Committee on Small Business, One Hundred Seventh Congress, first session, Washington, DC, June 21, 2001 215 $a1 online resource (iii, 137 p.) 311 $a0-16-066289-3 517 $aSmall business regulatory issues 606 $aSmall business$xGovernment policy$zUnited States 606 $aIndustrial policy$zUnited States 610 $aSmall business 610 $aIndustrial policy 610 $aBusiness & economics 610 $aPolitical science 615 0$aSmall business$xGovernment policy 615 0$aIndustrial policy 712 02$aUnited States, Congress House Committee on Small Business Subcommittee on Regulatory Reform and Paperwork Reduction Staff,$4oth 906 $aBOOK 912 $a9910689413803321 996 $aSmall business regulatory issues$93146623 997 $aUNINA